00687nam a22002177a 4500003000500000005001700005008004100022010001100063011001100074035001100085040000900096100001400105245006200119260006000181300001900241490006800260650001500328650003100343650002700374830006800401CHAP20220329143903.0120605s1966 xxca r 00010 eng d a103286 a104258 a114948 cCHAP1 aBrown, G.14aThe use of modified wildland tree plantersc/por G. Brown aToronto, Can. :bDepartment of Lands and Forests,c1966 a16 h. :bilus. 0aSilvicultural notes.pSilviculture section. Timber branchv; 1014aÁrboles.14aPlantación de árboles.14aPlantación forestal. 0aSilvicultural notes.pSilviculture section. Timber branchv; 10